Iran A-Z - Statistics

General Stats
  • This quiz has been taken 1,284 times
    1,224 since last reset
  • The average score is 17 of 26
Answer Stats
Hint Answer % Correct
T Capital city Tehran
94%
O Most important export Oil
93%
F The Persian language in Persian Farsi
91%
K Ethnic group in the northwest Kurds
90%
B Persian term for a marketplace Bazaar
87%
L Mammal on the former flag of Iran or the national animal Lion
84%
A Position once held by Khomeini Ayatollah
83%
J Cyrus the Great freed this people from slavery in Babylonia Jews
82%
E What killed 26,271 people in Bam in 2003 Earthquake
80%
C Major lake to Iran's north Caspian
77%
X King who burned Athens Xerxes
77%
V Women must wear this in public Veil
74%
D Great king who ruled the Persian Empire at its greatest extend Darius
70%
H Strait that connects the Persian Gulf and Gulf of Oman to each other Hormuz
69%
R Currency Rial
67%
S Name for a Persian king Shah
67%
I Third most populous city Isfahan
59%
W National sport Wrestling
59%
Z Prophet also called Zarathustra Zoroaster
59%
Q Religious capital of Iran Qom
56%
N Agreement that was reached in 2015 Nuclear deal
53%
P Former capital that was destroyed by Alexander the Great in Persepolis
53%
M Democratically elected prime minister that was overthrown by CIA in 1953 Mosaddegh
21%
U Largest lake Urmia
19%
G Name of a northern province or the former residence of the Persian kings Golestan
14%
Y Name for the longest and darkest night of the year in the Iranian calendar Yalda
12%
No matching quizzes found
Score Distribution
Percent of People with Each Score
Percentile by Number Answered
Your Score History
You have not taken this quiz since the last reset